000
00262nam a2200109Ia 4500
008
190914s9999||||xx |||||||||||||| ||und||
100
_a
Shaikh M. Akram
245
0
_a
Moj-e-Kauser
260
_a
Lahore
_b
Idarah-i-Sakafat Islamia
_c
2001
300
_a
269
942
_c
BK
999
_c
8919
_d
8919